000 01072nabaa22002177a 4500
999 _c6126
_d6126
003 OSt
005 20260122215154.0
008 190701b xxu||||| |||| 00| 0 spa d
040 _cPJ
100 _96883
_aMonti, Laura
245 1 3 _aLa administración pública frente a la ley inconstitucional e inconvencional :
_breflexiones e interrogantes /
_cLaura Monti.
300 _ap. 13-19
505 _aSumario: I. Introducción.— II. ¿Qué matices o novedades se han planteado, en las últimas dos décadas aproximadamente, sobre estos conceptos?— III. ¿Cuáles son las posturas que existen sobre el tema?—IV. Conclusiones y dudas.
505 _t¿Te interesa el texto completo? Comunicate al correo: koha@justierradelfuego.gov.ar
650 0 _9211
_aDERECHO ADMINISTRATIVO
650 0 _9877
_aADMINISTRACION PUBLICA
650 0 _96132
_aCONTROL DE CONVENCIONALIDAD
650 0 _9755
_aCONTROL DE CONSTITUCIONALIDAD
773 0 _02842
_93251
_dBuenos Aires : AbeledoPerrot, 2012-
_oDA121
_tDerecho administrativo. Nº 148 julio/agosto 2023
_z18510590
942 _2udc
_cANA